[Event "Gibraltar Masters 2019"]
[Site "Caleta ENG"]
[Date "2019.01.26"]
[Round "5.52"]
[White "Galinsky,T"]
[Black "Kunin,V"]
[Result "0-1"]
[WhiteElo "2365"]
[BlackElo "2544"]

1.d4 Nf6 2.Nf3 e6 3.e3 g6 4.Be2 Bg7 5.b3 O-O 6.Bb2 d6 7.O-O a5 8.c4 Ne4 9.Nc3 Nxc3
10.Bxc3 f5 11.a3 Nd7 12.Qc2 Nf6 13.b4 Ne4 14.Bb2 b6 15.Ne1 axb4 16.axb4 Rxa1
17.Bxa1 Bb7 18.f3 Nf6 19.Bc3 Bh6 20.Qd3 Qe7 21.Nc2 e5 22.dxe5 dxe5 23.Rd1 e4
24.Qd4 exf3 25.gxf3 Bg7 26.c5 b5 27.Qh4 Bc6 28.Bd2 Rd8 29.Bc1 Rxd1+ 30.Bxd1 Bd5
31.Be2 c6 32.Nd4 h6 33.Bd2 Qe8 34.Kf1 Nd7 35.Qf4 Ne5 36.e4 fxe4 37.fxe4 Bc4
38.Bc3 Qd7 39.Qg3 Qf7+ 40.Kg2 h5 41.Qf2 Qd7 42.h3 Bxe2 43.Qxe2 Nc4 44.Qf2 Qe7
45.Qf3 Bxd4 46.Bxd4 Nd2 47.Qc3 Qxe4+ 48.Kf2 Qf4+ 49.Ke2 Ne4 50.Qb3+ Kf8 51.Be3 Ng3+
52.Kd1 Qf1+ 53.Kc2 Nf5 54.Qa3 Qe2+ 55.Bd2 Nd4+ 56.Kc1 Qc4+  0-1

[Event "Gibraltar Masters 2019"]
[Site "Caleta ENG"]
[Date "2019.01.26"]
[Round "5.66"]
[White "Giemsa,S"]
[Black "Tokhirjonova,Gulrukhbegim"]
[Result "1/2-1/2"]
[WhiteElo "2275"]
[BlackElo "2446"]

1.d4 d5 2.c4 e6 3.Nf3 Nf6 4.g3 dxc4 5.Bg2 a6 6.O-O Nc6 7.e3 Rb8 8.Nfd2 Qd7
9.Nxc4 b5 10.Ncd2 Be7 11.Nf3 O-O 12.b3 Rd8 13.Qe2 a5 14.Bb2 a4 15.Rc1 Rb6
16.Qc2 Bb7 17.bxa4 bxa4 18.Ba3 Nd5 19.Bxe7 Qxe7 20.Qxa4 Ra8 21.Qc2 Ncb4 22.Qd2 Rba6
23.a3 Nc6 24.e4 Nf6 25.Qe3 Ra4 26.Ra2 e5 27.d5 Na5 28.Nh4 g6 29.Rac2 c6 30.dxc6 Bxc6
31.Rxc6 Nxc6 32.Rxc6 Rd8 33.Rc1 Rad4 34.Bf3 Qb7 35.Qg5 Nxe4 36.Qxe5 Qb2 37.Rf1 Nxf2
38.Qe2 Qxe2 39.Bxe2 Ne4 40.Nf3 R4d5 41.a4 Rc5 42.Bb5 Kg7 43.Re1 f5 44.Kg2 Kf6
45.Re2 Rd1 46.Nfd2 Nd6 47.Bd7 Nb7 48.Bb5 Nd6 49.Bd7 Nb7 50.Bb5 Nd6  1/2-1/2

[Event "Gibraltar Masters 2019"]
[Site "Caleta ENG"]
[Date "2019.01.26"]
[Round "5.68"]
[White "Szczepkowska Horowska,K"]
[Black "Bellin,R"]
[Result "1-0"]
[WhiteElo "2426"]
[BlackElo "2312"]

1.d4 Nf6 2.c4 c5 3.d5 e5 4.Nc3 d6 5.e4 g6 6.g3 Bg7 7.Bg2 O-O 8.Nge2 Na6 9.O-O Nc7
10.a4 b6 11.h3 a6 12.f4 Nfe8 13.f5 Bd7 14.g4 Qh4 15.Qd2 f6 16.Kh2 h5 17.gxh5 gxf5
18.h6 Bh8 19.exf5 Qxc4 20.Be4 b5 21.Rg1+ Kf7 22.Rg4 b4 23.Nd1 Qb3 24.Ne3 c4
25.Bc2 c3 26.bxc3 bxc3 27.Nxc3  1-0

[Event "Gibraltar Masters 2019"]
[Site "Caleta ENG"]
[Date "2019.01.26"]
[Round "5.67"]
[White "Raja,Rithvik R"]
[Black "Gutierrez Olivares,D"]
[Result "1/2-1/2"]
[WhiteElo "2431"]
[BlackElo "2320"]

1.d4 e6 2.c4 Nf6 3.g3 d5 4.Nf3 Bb4+ 5.Bd2 Be7 6.Bg2 O-O 7.O-O c6 8.Qc2 Nbd7
9.Bf4 Ne4 10.Nfd2 g5 11.Be3 Nd6 12.f3 f5 13.Bf2 Nf6 14.Nc3 Bd7 15.Kh1 g4
16.Be3 h5 17.Bf4 Kg7 18.h4 Nf7 19.Kg1 Nh8 20.Bg5 Nh7 21.Bxe7 Qxe7 22.f4 Ng6
23.b4 b5 24.c5 a5 25.a3  1/2-1/2

[Event "Gibraltar Masters 2019"]
[Site "Caleta ENG"]
[Date "2019.01.26"]
[Round "5.63"]
[White "Iniyan,P"]
[Black "Povah,N"]
[Result "1-0"]
[WhiteElo "2456"]
[BlackElo "2329"]

1.d4 d5 2.c4 e6 3.Nc3 Bb4 4.Nf3 Nf6 5.e3 O-O 6.Bd3 b6 7.O-O Ba6 8.cxd5 exd5
9.Bxa6 Nxa6 10.Qa4 Qc8 11.Bd2 Re8 12.Ne5 Qb7 13.Rac1 Bf8 14.Qc6 Rab8 15.Nb5 Re6
16.Qxb7 Rxb7 17.Nc6 Re8 18.f3 Ra8 19.Rfe1 Ne8 20.b3 f5 21.Re2 Kf7 22.Be1 Nd6
23.Nc3 Ke6 24.Bh4 Nf7 25.e4 dxe4 26.fxe4 g5 27.exf5+ Kd7 28.Nd5 Nc5 29.dxc5 Kxc6
30.Ne7+ Kb5 31.c6 Rbb8 32.a4+ Ka6 33.Bg3 Re8 34.Nd5 Rxe2 35.Nxc7+ Ka5 36.Nxa8 Bc5+
37.Kf1 Re8 38.Nc7 Rc8 39.Be1+ Bb4 40.Bxb4+ Kxb4 41.Nd5+ Kxb3 42.c7 Nd6 43.Ne7 Re8
44.f6 Rf8 45.Rc6 Rxf6+ 46.Kg1  1-0

[Event "Gibraltar Masters 2019"]
[Site "Caleta ENG"]
[Date "2019.01.26"]
[Round "5.65"]
[White "Welling,G"]
[Black "Cornette,Deimante"]
[Result "1/2-1/2"]
[WhiteElo "2299"]
[BlackElo "2448"]

1.b3 d5 2.e3 Nf6 3.Bb2 e6 4.Nf3 c5 5.Bb5+ Bd7 6.Be2 Nc6 7.c4 Bd6 8.Nc3 a6
9.cxd5 exd5 10.d4 Bf5 11.dxc5 Bxc5 12.O-O O-O 13.Na4 Bd6 14.Nd4 Bg6 15.Nxc6 bxc6
16.Rc1 Qc7 17.Bxf6 gxf6 18.g3 Ba3 19.Rc3 Bb4 20.Rc1 Ba3 21.Rc3 Qd6 22.Bf3 Rfd8
23.Qd4 Rac8 24.Rd1 Bb4 25.Rcc1 Ba3 26.Rc3 Bb4 27.Rcc1 Ba3  1/2-1/2

[Event "Gibraltar Masters 2019"]
[Site "Caleta ENG"]
[Date "2019.01.26"]
[Round "5.64"]
[White "Goriatchkin,J"]
[Black "Haldorsen,Benjamin"]
[Result "0-1"]
[WhiteElo "2325"]
[BlackElo "2454"]

1.e4 c5 2.Nf3 e6 3.c3 Nf6 4.e5 Nd5 5.Bc4 d6 6.d4 cxd4 7.cxd4 Be7 8.O-O O-O
9.Bd2 b6 10.Qe2 a5 11.exd6 Qxd6 12.Nc3 Nxc3 13.bxc3 Bb7 14.Ne5 Nd7 15.Nxd7 Qxd7
16.Rab1 Qc6 17.f4 Rac8 18.Bd3 f5 19.Rf3 Rf6 20.c4 Qd7 21.Rg3 Qxd4+ 22.Be3 Qd7
23.Bxb6 a4 24.Qe3 Rg6 25.Bd4 Rd8 26.Be5 Qc6 27.Rb5 Ba6 28.Rxg6 hxg6 29.Ra5 Rxd3
30.Qxd3 Qb6+ 31.Bd4 Qxa5 32.Bf2 Qc7  0-1

[Event "Gibraltar Masters 2019"]
[Site "Caleta ENG"]
[Date "2019.01.26"]
[Round "5.60"]
[White "Karim,I"]
[Black "Cramling,P"]
[Result "1/2-1/2"]
[WhiteElo "2347"]
[BlackElo "2462"]

1.Nf3 d5 2.g3 g6 3.Bg2 Bg7 4.d4 Nh6 5.c4 c6 6.cxd5 cxd5 7.Ne5 O-O 8.Nc3 e6
9.O-O f6 10.Nf3 Nc6 11.Re1 Nf7 12.b3 Re8 13.h3 b6 14.Ba3 Bb7 15.Rc1 Qd7 16.e3 Ba6
17.Qd2 Rac8 18.Qb2 Nd6 19.h4 Nb5 20.Bf1 Nb8 21.Nxb5 Bxb5 22.Bh3 Nc6 23.Qd2 a5
24.Rc3 Na7 25.Rec1 Ba6 26.Rxc8 Rxc8 27.Ne1 Rxc1 28.Qxc1 Kf7 29.Qc2 Nb5 30.Bb2 Qc7
31.Qd1 Nc3 32.Qc2 Nb5 33.Qd1 Nc3 34.Qc2 Nb5 35.Qd1 Nc3  1/2-1/2

[Event "Gibraltar Masters 2019"]
[Site "Caleta ENG"]
[Date "2019.01.26"]
[Round "5.62"]
[White "Tate,A"]
[Black "Abel,D"]
[Result "0-1"]
[WhiteElo "2335"]
[BlackElo "2458"]

1.Nf3 d5 2.c4 c6 3.e3 Nf6 4.Nc3 e6 5.b3 Bd6 6.Bb2 Qe7 7.Be2 Nbd7 8.Qc2 O-O
9.O-O Re8 10.Rad1 dxc4 11.bxc4 e5 12.Nh4 Nf8 13.Nf5 Bxf5 14.Qxf5 Rad8 15.Ne4 Nxe4
16.Qxe4 Ne6 17.d3 Qc7 18.Bc3 g6 19.Qh4 Be7 20.Qg3 Bf6 21.Rc1 Bg7 22.Rfd1 Rd7
23.Qh3 Ng5 24.Qg3 Qd8 25.Bf1 h5 26.Ba1 Re6 27.Re1 f5 28.c5 h4  0-1

[Event "Gibraltar Masters 2019"]
[Site "Caleta ENG"]
[Date "2019.01.26"]
[Round "5.61"]
[White "Prithu,Gupta"]
[Black "Stijve,Theo"]
[Result "1/2-1/2"]
[WhiteElo "2462"]
[BlackElo "2339"]

1.c4 c5 2.Nc3 Nc6 3.g3 g6 4.Bg2 Bg7 5.b3 e5 6.Bb2 d6 7.e3 h5 8.h4 Bg4 9.Nge2 Qd7
10.d3 Nge7 11.Qd2 O-O-O 12.Nd5 Kb8 13.Nec3 Rde8 14.Ne4 Nxd5 15.cxd5 Nb4 16.Nc3 Qd8
17.a3 Na6 18.Qc2 g5 19.hxg5 Qxg5 20.b4 h4 21.Ne4 Qg6 22.bxc5 Nxc5 23.Nxc5 dxc5
24.Rxh4 Rxh4 25.gxh4 Bf5 26.Be4 Qg1+ 27.Kd2 Qh2 28.Rh1 Qxf2+ 29.Kc3 Qxe3
30.Qd2 Qxd2+ 31.Kxd2 Bg4 32.Rg1 f5 33.d6 Rd8 34.Bf3 Rg8 35.Bxg4 fxg4 36.Ke3 Bh8
37.Ke4 Kc8 38.Bc1 Kd7 39.Bg5 Kxd6 40.Kf5 b5 41.Ke4 a5 42.Rxg4 Ke6 43.Rg1 Bf6
44.Rc1 Bxg5 45.hxg5 Rxg5 46.Rxc5 Rg4+ 47.Ke3 Ra4 48.Rxb5 Rxa3 49.Kd2 Ra4
50.Ke3 Kf6 51.Rc5 Ra3 52.Ke4 Ra4+ 53.Ke3 Ke6  1/2-1/2

[Event "Gibraltar Masters 2019"]
[Site "Caleta ENG"]
[Date "2019.01.26"]
[Round "5.11"]
[White "Ramirez,Alej"]
[Black "Le Quang Liem"]
[Result "0-1"]
[WhiteElo "2567"]
[BlackElo "2714"]

1.d4 Nf6 2.c4 g6 3.g3 Bg7 4.Bg2 O-O 5.Nf3 d6 6.O-O Nc6 7.Nc3 e5 8.dxe5 dxe5
9.Bg5 Be6 10.Qa4 Qc8 11.Rfd1 Nd7 12.Nd5 Re8 13.Qc2 h6 14.Be3 f5 15.Nd2 Nd8
16.Nb3 c6 17.Nc3 Nf7 18.Na4 b6 19.c5 b5 20.Nc3 Qc7 21.f4 Nf6 22.fxe5 Ng4
23.Bc1 Qxe5 24.e3 Bxb3 25.Qxb3 Qxc5 26.Rd7 Ne5  0-1

[Event "Gibraltar Masters 2019"]
[Site "Caleta ENG"]
[Date "2019.01.26"]
[Round "5.59"]
[White "Pogonina,N"]
[Black "Fenollar Jorda,M"]
[Result "1-0"]
[WhiteElo "2465"]
[BlackElo "2342"]

1.d4 d5 2.c4 c6 3.Nf3 Nf6 4.Nbd2 e6 5.g3 Nbd7 6.Bg2 Be7 7.O-O O-O 8.Qc2 b6
9.e4 Bb7 10.e5 Ne8 11.cxd5 cxd5 12.Re1 Ba6 13.Nf1 Rc8 14.Qd1 b5 15.h4 Nc7
16.Bg5 Nb6 17.N1h2 Nc4 18.Rb1 Kh8 19.Bh3 Na8 20.Bf1 Rc6 21.Bxe7 Qxe7 22.Bd3 Nab6
23.Ng5 g6 24.Ng4 Nd7 25.Qe2 Kg7 26.b3 Na3 27.Rbc1 Rfc8 28.Qd2 h5 29.Rxc6 Rxc6
30.Ne3 b4 31.Bxa6 Rxa6 32.Nc2 Rb6 33.Nxa3 bxa3 34.Re3 Rb8 35.Rf3 Rf8 36.Qc2 Nb6
37.Rf6 Qe8 38.Nxf7 Qxf7 39.Rxf7+ Rxf7 40.Qc5  1-0

[Event "Gibraltar Masters 2019"]
[Site "Caleta ENG"]
[Date "2019.01.26"]
[Round "5.15"]
[White "Saric,Iv"]
[Black "Nguyen,Thai Dai Van"]
[Result "1-0"]
[WhiteElo "2690"]
[BlackElo "2535"]

1.e4 e5 2.Nf3 Nf6 3.Nxe5 d6 4.Nf3 Nxe4 5.d4 d5 6.Bd3 Bf5 7.O-O Be7 8.Re1 O-O
9.Nc3 Nxc3 10.bxc3 Bxd3 11.Qxd3 Nd7 12.Rb1 Nb6 13.Bf4 Bd6 14.Ng5 g6 15.Qh3 h5
16.Qg3 Qd7 17.Nf3 Rfe8 18.Be5 Bxe5 19.Nxe5 Qf5 20.Re3 Qxc2 21.Rbe1 Rf8 22.h3 Kg7
23.Kh2 Rae8 24.R3e2 Qa4 25.f4 Nc4 26.Nxg6 fxg6 27.f5 Rxe2 28.Qxg6+ Kh8 29.Qxh5+ Kg8
30.Qg5+ Kh8 31.Rxe2 Rf7 32.Qd8+ Kh7 33.Re8 Qxe8 34.Qxe8 Nd6 35.Qd8 Nxf5 36.Qxd5 Nd6
37.c4 Rf5 38.Qe6 b6 39.a4 Kg7 40.Qe7+ Rf7 41.Qe5+  1-0

[Event "Gibraltar Masters 2019"]
[Site "Caleta ENG"]
[Date "2019.01.26"]
[Round "5.53"]
[White "Arizmendi Martinez,J"]
[Black "Belenkaya,D"]
[Result "1-0"]
[WhiteElo "2506"]
[BlackElo "2357"]

1.Nf3 d5 2.e3 Nf6 3.c4 dxc4 4.Bxc4 e6 5.Qe2 a6 6.d4 c5 7.dxc5 Bxc5 8.O-O b5
9.Bd3 Nc6 10.a3 Bb7 11.b4 Bd6 12.Bb2 Qb8 13.Nbd2 O-O 14.Bxf6 gxf6 15.Ne4 Be7
16.Rac1 Ra7 17.Nc5 Ba8 18.Bb1 Kg7 19.Be4 Rc8 20.Bxc6 Rxc6 21.e4 Qf4 22.Nd4 Rd6
23.Rcd1 Kh8 24.f3 Rd8 25.Qf2 Rg8 26.Ndb3 Qg5 27.Rd3 f5 28.Rfd1 fxe4 29.fxe4 Qg4
30.Rf1 Bh4 31.g3 f6  1-0

[Event "Gibraltar Masters 2019"]
[Site "Caleta ENG"]
[Date "2019.01.26"]
[Round "5.14"]
[White "Lalith,B"]
[Black "Jones,G"]
[Result "1/2-1/2"]
[WhiteElo "2547"]
[BlackElo "2691"]

1.Nf3 g6 2.c4 Bg7 3.d4 Nf6 4.Nc3 d5 5.Bg5 Ne4 6.Bf4 Nxc3 7.bxc3 c5 8.e3 O-O
9.cxd5 Qxd5 10.Be2 cxd4 11.cxd4 Qa5+ 12.Qd2 Nc6 13.O-O Qxd2 14.Nxd2 e5 15.dxe5 Nxe5
16.Rab1 b6 17.Nc4 Nxc4 18.Bxc4 Bf5 19.Rbc1 Bb2 20.Rcd1 Rac8 21.Bb3 Rfd8 22.Bg5 Rxd1
23.Rxd1 Bc2 24.Bxc2 Rxc2 25.Bh6 Rc8 26.g4 Bg7 27.Bf4 Bf8 28.Rd7 a5 29.Rb7 Bc5
30.Bc7 h6 31.Kg2 Re8 32.Bxb6 Bxb6 33.Rxb6 Re4 34.Kf3 Ra4 35.Rb2 Kg7 36.h3 g5
37.Kg3 Kg6 38.Rc2 Kg7 39.h4 Kg6 40.h5+ Kg7 41.f4 gxf4+ 42.exf4 Ra3+ 43.Kh4 Rf3
44.Rc4 Ra3 45.Rc2 Rf3 46.Rc4  1/2-1/2

[Event "Gibraltar Masters 2019"]
[Site "Caleta ENG"]
[Date "2019.01.26"]
[Round "5.19"]
[White "Dragnev,Valentin"]
[Black "Alekseenko,K"]
[Result "1/2-1/2"]
[WhiteElo "2511"]
[BlackElo "2637"]

1.d4 Nf6 2.Nf3 g6 3.b3 c5 4.e3 Bg7 5.Bb2 O-O 6.dxc5 Qc7 7.b4 Nc6 8.a3 a5
9.c3 Rd8 10.Nbd2 d6 11.cxd6 Qxd6 12.Be2 Bf5 13.O-O Ng4 14.h3 Nge5 15.b5 Nxf3+
16.Nxf3 Qc5 17.Qc1 Ne5 18.Nxe5 Bxe5 19.c4 Bd3 20.Bxd3 Bxb2 21.Qxb2 Rxd3 22.Rfc1 Rad8
23.a4 Rd2 24.Rc2 Rd1+ 25.Rxd1 Rxd1+ 26.Kh2 Qd6+ 27.f4 Qd3 28.Rc1 Rd2 29.Qe5 Rxg2+
30.Kxg2 Qd2+  1/2-1/2

[Event "Gibraltar Masters 2019"]
[Site "Caleta ENG"]
[Date "2019.01.26"]
[Round "5.96"]
[White "Osmanodja,F"]
[Black "De Seroux,C"]
[Result "1-0"]
[WhiteElo "2318"]
[BlackElo "2145"]

1.e4 c5 2.d3 Nc6 3.g3 g6 4.Bg2 Bg7 5.f4 d6 6.Nf3 e6 7.O-O Nge7 8.c3 Rb8 9.Be3 b5
10.d4 cxd4 11.cxd4 d5 12.e5 b4 13.Nbd2 Na5 14.Nb3 Nxb3 15.axb3 Qb6 16.g4 O-O
17.Qe2 Bd7 18.Qf2 Nc6 19.Bh3 Na5 20.f5 exf5 21.gxf5 gxf5 22.Nh4 Nxb3 23.Bxf5 Bb5
24.Kh1 Nxa1 25.Rxa1 Kh8 26.Rg1 Rg8 27.Bxh7 Bh6 28.Qxf7 Rxg1+ 29.Bxg1 Bg7
30.Nf5 Qb7 31.Qh5  1-0

[Event "Gibraltar Masters 2019"]
[Site "Caleta ENG"]
[Date "2019.01.26"]
[Round "5.120"]
[White "Cramling Bellon,Anna"]
[Black "Obiamiwe,P"]
[Result "1-0"]
[WhiteElo "2025"]
[BlackElo "1903"]

1.d4 Nf6 2.c4 e6 3.Nc3 d5 4.cxd5 exd5 5.Bg5 Nbd7 6.e3 Be7 7.Bd3 c6 8.Nge2 O-O
9.Qc2 Re8 10.O-O Nf8 11.Rab1 a5 12.a3 h6 13.Bh4 Ne4 14.Bxe7 Qxe7 15.Bxe4 dxe4
16.Ng3 f5 17.f3 Qg5 18.Rbe1 exf3 19.Rxf3 g6 20.Qf2 Ne6 21.Nxf5 Nc5 22.h4 Nd3
23.hxg5 Nxf2 24.Nxh6+  1-0

[Event "Gibraltar Masters 2019"]
[Site "Caleta ENG"]
[Date "2019.01.26"]
[Round "5.122"]
[White "Wilson,Matthew R"]
[Black "Lochte,S"]
[Result "0-1"]
[WhiteElo "1822"]
[BlackElo "1868"]

1.e4 c5 2.Nf3 e6 3.b3 Nc6 4.Bb2 d6 5.d4 Nf6 6.Bd3 cxd4 7.Nxd4 Nxd4 8.Bxd4 e5
9.Bb2 Be7 10.c4 O-O 11.O-O Re8 12.Nc3 Bd7 13.Qe2 Rc8 14.Rfd1 Bf8 15.Rac1 g6
16.Bb1 a6 17.Kh1 h5 18.f3 Qb6 19.Rd3 Red8 20.Rcd1 Bc6 21.Bc1 Nd7 22.Be3 Qc7
23.R3d2 Qa5 24.Nd5 Bxd5 25.Rxd5 Qc7 26.Qd2 Kh7 27.f4 Nf6 28.Ra5 Ng4 29.Rd5 Nxe3
30.Qxe3 Bh6 31.g3 h4 32.Qd2 hxg3 33.hxg3 exf4 34.gxf4 Qe7 35.e5 Qh4+ 36.Kg1 Bxf4
37.Qg2 Bxe5 38.R5d3 Kg7 39.Qxb7 Rh8 40.Qg2 Qf4 41.R3d2 Rh5 42.Qe4 Rg5+ 43.Rg2 Rxg2+
44.Kxg2 Qg3+ 45.Kf1 Rh8 46.Rd3 Qg5 47.Qg2 Qc1+  0-1

[Event "Gibraltar Masters 2019"]
[Site "Caleta ENG"]
[Date "2019.01.26"]
[Round "5.121"]
[White "Adewole,Adeyinka"]
[Black "Christophe Hayot,R"]
[Result "1-0"]
[WhiteElo "1972"]
[BlackElo "1729"]

1.b3 e6 2.Nf3 Nf6 3.Bb2 c5 4.g3 Nc6 5.Bg2 d5 6.O-O Bd6 7.d3 e5 8.c4 d4 9.Nbd2 O-O
10.h3 Bd7 11.a3 Qc8 12.Kh2 a5 13.Ne4 Nxe4 14.dxe4 f5 15.Nd2 f4 16.Nf3 Rf6
17.g4 Bxg4 18.hxg4 Qxg4 19.Rh1 Rg6 20.Qf1 Rf8 21.Bh3 Qh5 22.Rg1 Rff6 23.Rxg6 Rxg6
24.Qh1 d3 25.exd3 Nd4 26.Bxd4 cxd4 27.a4 Rh6 28.Qg2 Be7 29.Rg1 Bf6 30.Qg4 Qf7
31.Qc8+ Qf8 32.Kg2 g6 33.Be6+ Kg7 34.Qxb7+ Kh8 35.Qf7 Qd8 36.c5 g5 37.c6 Rg6
38.c7  1-0

[Event "Gibraltar Masters 2019"]
[Site "Caleta ENG"]
[Date "2019.01.26"]
[Round "5.115"]
[White "Heinemann,Josefine"]
[Black "Herzwurm,R"]
[Result "0-1"]
[WhiteElo "2304"]
[BlackElo "2021"]

1.e4 e6 2.d4 d5 3.Nd2 Nf6 4.e5 Nfd7 5.Bd3 c5 6.c3 Nc6 7.Ne2 cxd4 8.cxd4 f6
9.exf6 Nxf6 10.Nf3 Bd6 11.O-O O-O 12.Bf4 Bxf4 13.Nxf4 Ne4 14.Ne2 Rxf3 15.gxf3 Ng5
16.Kh1 e5 17.Qb3 Bh3 18.Rg1 Na5 19.Qc3 e4 20.fxe4 dxe4 21.Bc2 e3 22.Qxe3 Qd5+
23.f3 Nc4 24.Qf4 h6 25.Be4 Qb5 26.b3 Nd6 27.Qxd6 Nxe4 28.Rxg7+ Kxg7 29.Qe7+ Kh8
30.Qxe4 Re8 31.Qh4 Bg2+ 32.Kxg2 Qxe2+ 33.Kh3 Qxf3+ 34.Qg3 Qf5+ 35.Kg2 Rg8
36.Rd1 Qc2+  0-1

[Event "Gibraltar Masters 2019"]
[Site "Caleta ENG"]
[Date "2019.01.26"]
[Round "5.112"]
[White "Gonzalez Gonzalez,A"]
[Black "Burke,M"]
[Result "0-1"]
[WhiteElo "2160"]
[BlackElo "1994"]

1.e4 c5 2.Nf3 Nc6 3.Nc3 g6 4.a3 Bg7 5.Bc4 d6 6.h3 Nf6 7.d3 O-O 8.Bg5 h6 9.Be3 e5
10.g4 Kh7 11.g5 Nh5 12.Nd5 Nd4 13.gxh6 Bxh6 14.Bxh6 Kxh6 15.Qd2+ Kh7 16.Nxd4 cxd4
17.O-O-O Be6 18.Kb1 Rb8 19.Rc1 b5 20.Bb3 a5 21.c3 dxc3 22.bxc3 b4 23.cxb4 axb4
24.axb4 Bxd5 25.Bxd5 Qa5 26.Rc4 Qa3 27.Rhc1 Qb3+ 28.Qb2 Qxd3+ 29.Qc2 Nf4
30.Rd1 Qa3 31.Qb2 Qa4 32.Rd2 Nxd5 33.exd5 Rb6 34.Rd3 Rfb8 35.Rb3 Qd7 36.Qd2 Qf5+
37.Kb2 e4 38.f3 Qf6+ 39.Kb1 Ra6 40.Rb2 Rba8 41.Rxe4 Ra1+ 42.Kc2 Qxf3 43.Re3 Qf5+
44.Qd3 Rc8+ 45.Kd2 Qf2+ 46.Qe2 Qg1 47.Rc3 Qd4+ 48.Qd3  0-1

[Event "Gibraltar Masters 2019"]
[Site "Caleta ENG"]
[Date "2019.01.26"]
[Round "5.113"]
[White "Redondo Flores,D"]
[Black "Byron,A"]
[Result "0-1"]
[WhiteElo "1970"]
[BlackElo "2157"]

1.e4 c6 2.d4 d5 3.f3 Qb6 4.Nc3 dxe4 5.fxe4 e5 6.Nf3 exd4 7.Qxd4 Nd7 8.Bc4 Qxd4
9.Nxd4 Ne5 10.Be2 Nf6 11.Bg5 Nfd7 12.O-O-O g6 13.Rhf1 Bg7 14.Nf3 O-O 15.Rd6 Re8
16.h4 Nc5 17.Nxe5 Bxe5 18.Bc4 Be6 19.Bxe6 Rxe6 20.Rxe6 Nxe6 21.Bf6 Bxf6 22.Rxf6 Re8
23.b4 a5 24.a3 Kg7 25.Rf1 axb4 26.axb4 Rd8 27.h5 Rd4 28.b5 Nc5 29.h6+ Kf8
30.bxc6 bxc6 31.Rf4 Ke7 32.g4 f6 33.Rf3 Ke6 34.g5 fxg5 35.Rf8 Rd7 36.Re8+ Re7
37.Rc8 Kd7 38.Ra8 Kd6 39.Rg8 Nxe4 40.Nxe4+ Rxe4 41.Rd8+ Kc7 42.Rg8 Re7 43.Kd2 Kd7
44.Kd3 g4 45.Ra8 g3 46.Ra4 Re5 47.Ra7+ Kd6 48.Rxh7 g2  0-1

[Event "Gibraltar Masters 2019"]
[Site "Caleta ENG"]
[Date "2019.01.26"]
[Round "5.114"]
[White "Burrows,M"]
[Black "Giulian,R"]
[Result "1-0"]
[WhiteElo "2156"]
[BlackElo "1908"]

1.e4 e6 2.d4 d5 3.Nc3 dxe4 4.Nxe4 Nd7 5.Nf3 Ngf6 6.Bd3 c5 7.O-O Nxe4 8.Bxe4 Nf6
9.Bg5 Qc7 10.Bxf6 gxf6 11.Re1 Bd7 12.d5 O-O-O 13.c4 Bd6 14.Qc2 h5 15.a3 h4
16.h3 Rh5 17.dxe6 fxe6 18.Bg6 Rhh8 19.Bf7 e5 20.Bd5 Kb8 21.Rad1 Be7 22.Qe4 Qc8
23.Nxe5 Bxh3 24.Ng6 Bf5 25.Qxe7 Bxg6 26.Bxb7 Qc7 27.Qxc7+ Kxc7 28.Re7+ Kb6
29.Bd5 Rhf8 30.b4 cxb4 31.axb4 Rf7 32.Rde1 Rxe7 33.Rxe7 Rf8 34.Rb7+ Ka6 35.b5+  1-0

[Event "Gibraltar Masters 2019"]
[Site "Caleta ENG"]
[Date "2019.01.26"]
[Round "5.117"]
[White "Veltkamp,G"]
[Black "Vilarnovo Caamano,J"]
[Result "1-0"]
[WhiteElo "2117"]
[BlackElo "1945"]

1.Nf3 e6 2.g3 f5 3.Bg2 Nf6 4.O-O Be7 5.d3 O-O 6.Nc3 d6 7.e4 fxe4 8.dxe4 e5
9.Nd5 Nc6 10.Nd2 Kh8 11.a4 Be6 12.Nc4 Qd7 13.Be3 Rf7 14.f3 Bf8 15.Bg5 h6
16.Bxf6 gxf6 17.Nce3 Ne7 18.f4 c6 19.f5 Bxd5 20.exd5 cxd5 21.Bxd5 Nxd5 22.Qxd5 h5
23.Qf3 Rc8 24.c4 d5 25.Qxd5 Bc5 26.Rae1 Qc7 27.Kg2 Rd8 28.Qf3 Rd2+ 29.Re2 Rxe2+
30.Qxe2 Qc6+ 31.Nd5  1-0

[Event "Gibraltar Masters 2019"]
[Site "Caleta ENG"]
[Date "2019.01.26"]
[Round "5.116"]
[White "Ramasindraibe,Girard"]
[Black "Cano Sevilla,Ivan"]
[Result "1-0"]
[WhiteElo "2129"]
[BlackElo "1950"]

1.e4 c5 2.Nf3 g6 3.c3 Bg7 4.Bc4 e6 5.Bb3 Ne7 6.d4 cxd4 7.cxd4 d5 8.e5 Nbc6
9.Nc3 O-O 10.h4 h5 11.Bg5 a6 12.Qd2 b5 13.O-O-O Qb6 14.Kb1 a5 15.Bc2 a4 16.Bf6 Re8
17.g4 Nb4 18.Bxg7 Kxg7 19.gxh5 Nxc2 20.Qxc2 Bd7 21.hxg6 fxg6 22.h5 b4 23.Rdg1 Nf5
24.Rxg6+ Kh8 25.Nh4 bxc3 26.Nxf5 Qxb2+ 27.Qxb2 cxb2 28.Rh6+  1-0

[Event "Gibraltar Masters 2019"]
[Site "Caleta ENG"]
[Date "2019.01.26"]
[Round "5.119"]
[White "Gravett,A"]
[Black "Kozarcanin,S"]
[Result "0-1"]
[WhiteElo "1840"]
[BlackElo "2048"]

1.Nf3 Nf6 2.g3 b6 3.Bg2 Bb7 4.O-O e6 5.d4 c5 6.c3 Nc6 7.Nbd2 Rc8 8.e4 cxd4
9.cxd4 Ba6 10.Re1 Nb4 11.Qa4 b5 12.Qb3 Nc2 13.Rb1 Nxe1 14.Nxe1 d5 15.e5 Nd7
16.a4 b4 17.Ndf3 Be7 18.Nd3 Qb6 19.Bd2 Bc4 20.Qc2 O-O 21.Rc1 b3 22.Qb1 Qa6  0-1

[Event "Gibraltar Masters 2019"]
[Site "Caleta ENG"]
[Date "2019.01.26"]
[Round "5.118"]
[White "Teh,Wee Zhun"]
[Black "Suez Panama,G"]
[Result "1/2-1/2"]
[WhiteElo "1818"]
[BlackElo "2078"]

1.d4 Nf6 2.c4 g6 3.Nc3 Bg7 4.e4 d6 5.Be2 O-O 6.Be3 Na6 7.g4 e5 8.d5 c6 9.h4 cxd5
10.cxd5 Qa5 11.Kf1 Nc5 12.f3 Bd7 13.Kg2 b5 14.Nh3 b4 15.Nb1 Rac8 16.Nf2 Ba4
17.Qe1 Bb5 18.Nd2 Na4 19.b3 Nc3 20.Bc4 h5 21.g5 Nd7 22.Bxb5 Qxb5 23.Nc4 Rxc4
24.bxc4 Qxc4 25.Bxa7 Nc5 26.Bxc5 dxc5 27.Qd2 Ra8 28.Rhc1 Bf8 29.Rc2 Bd6 30.Nd1 Nxe4
31.fxe4  1/2-1/2

[Event "Gibraltar Masters 2019"]
[Site "Caleta ENG"]
[Date "2019.01.27"]
[Round "6.65"]
[White "Tokhirjonova,Gulrukhbegim"]
[Black "Welling,G"]
[Result "1-0"]
[WhiteElo "2446"]
[BlackElo "2299"]

1.e4 g6 2.d4 Bg7 3.Nf3 d6 4.Nc3 a6 5.Be3 Nd7 6.Bc4 e6 7.a4 b6 8.Qd2 h6 9.O-O Ne7
10.Ne1 Bb7 11.f4 d5 12.exd5 exd5 13.Be2 Nf6 14.Bf2 Ne4 15.Nxe4 dxe4 16.c3 Nf5
17.Nc2 O-O 18.Ne3 Nxe3 19.Bxe3 f5 20.b4 Qf6 21.Rac1 Rfd8 22.Rfd1 Kh7 23.Kh1 Rd7
24.Qe1 Rad8 25.Qf1 Ra8 26.c4 Qe7 27.Qe1 Rad8 28.d5 b5 29.cxb5 axb5 30.Bxb5 Rxd5
31.Rxd5 Rxd5 32.Bc4 Rd8 33.a5 Bb2 34.Rb1 Qf6 35.a6 Ba8 36.h3 Bd4 37.b5 h5
38.Bf1 Rd6 39.Rc1 Qd8 40.Kh2 Kh6 41.Bxd4 Rxd4 42.Qe3 Rd1 43.Rxd1 Qxd1 44.Qc3 Qd8
45.Bc4 Qe8 46.Qe5 Qd8 47.Bf7  1-0

[Event "Gibraltar Masters 2019"]
[Site "Caleta ENG"]
[Date "2019.01.27"]
[Round "6.112"]
[White "Christophe Hayot,R"]
[Black "Wilson,Matthew R"]
[Result "1/2-1/2"]
[WhiteElo "1729"]
[BlackElo "1822"]

1.d4 Nf6 2.Nc3 d5 3.Bf4 e6 4.Nb5 Na6 5.a3 c6 6.Nc3 Be7 7.e3 Nb8 8.Bd3 Nbd7
9.h4 a6 10.g4 Nb6 11.g5 Nfd7 12.Nf3 Nc4 13.Bxc4 dxc4 14.Nd2 b5 15.e4 Bb7
16.Nf3 c5 17.d5 Nb6 18.d6 Bf8 19.Qe2 b4 20.Na2 bxa3 21.bxa3 Bxd6 22.Rd1 Nc8
23.O-O Qc7 24.Bxd6 Nxd6 25.Nc3 Nb5 26.Qxc4 Nxc3 27.Qxc3 O-O 28.Ne5 Rfd8 29.f3 Rxd1
30.Rxd1 Rd8 31.Rxd8+ Qxd8 32.Qxc5 Qd1+ 33.Kg2 Qe2+ 34.Kh3 Qd1 35.Qb6 g6 36.Kg3 Qe1+
37.Kg4 Qd2 38.Qc7 Qg2+ 39.Kf4 Qd2+ 40.Kg3 Qe1+ 41.Kh2 Qf2+ 42.Kh3 Qf1+ 43.Kg3 Qg1+
44.Kh3 Qh1+ 45.Kg4 Qg2+ 46.Kf4 Qd2+ 47.Kg3 Qe1+  1/2-1/2

[Event "Gibraltar Masters 2019"]
[Site "Caleta ENG"]
[Date "2019.01.27"]
[Round "6.69"]
[White "Buksa,N"]
[Black "Risting,Eivind Olav"]
[Result "1-0"]
[WhiteElo "2420"]
[BlackElo "2281"]

1.e4 c5 2.Nf3 d6 3.d4 cxd4 4.Nxd4 Nf6 5.Nc3 Nc6 6.Bg5 e6 7.Qd2 Be7 8.O-O-O Nxd4
9.Qxd4 a6 10.f4 b5 11.Be2 Rb8 12.a3 Qb6 13.Bxf6 gxf6 14.f5 Bd7 15.Bh5 O-O
16.Rhf1 b4 17.axb4 Qxb4 18.Qxb4 Rxb4 19.Rd3 Bc6 20.Re1 Rfb8 21.b3 a5 22.Bg4 e5
23.Kd2 Rc8 24.Bf3 a4 25.bxa4 Bxa4 26.Ra1 Bc6 27.Ra7 Bf8 28.Bh5 Bh6+ 29.Kd1 Bxe4
30.Nxe4 Rxe4 31.Bxf7+ Kh8 32.Rxd6 Bf8 33.Rdd7 Bc5 34.Rac7 Rxc7 35.Rxc7 Bg1
36.Be6 Rd4+ 37.Ke2 Bxh2 38.c3 Rg4 39.Rc8+  1-0

[Event "Gibraltar Masters 2019"]
[Site "Caleta ENG"]
[Date "2019.01.27"]
[Round "6.70"]
[White "Horvath,Dominik"]
[Black "Benmesbah,N"]
[Result "1-0"]
[WhiteElo "2417"]
[BlackElo "2252"]

1.Nf3 Nf6 2.c4 e6 3.g3 b6 4.Bg2 Bb7 5.O-O c5 6.Nc3 Be7 7.Re1 d6 8.e4 Nbd7
9.d4 cxd4 10.Nxd4 a6 11.e5 dxe5 12.Nxe6 fxe6 13.Bxb7 Ra7 14.Bg2 O-O 15.Bh3 Qe8
16.Bxe6+ Kh8 17.Bh3 Bc5 18.Be3 Qg6 19.Bxc5 Nxc5 20.Rxe5 Nd3 21.Bf5 Nxf2 22.Qe2 Qf7
23.Rf1 g6 24.Be6  1-0